000 00387nam a22001697a 4500
005 20160614103502.0
008 160614b xxu||||| |||| 00| 0 eng d
020 _a0-07-048633-6
041 _aeng
082 _b7334
100 _aCohen, Steven
_91781
245 _aNegotiating Skills for Managers
260 _bTMH
_c2003
300 _a187
650 _aManagement
_9241
942 _cBK
999 _c2589
_d2588